Aromatic heterocyclic chemistry (Record no. 55065)
[ view plain ]
| 000 -LEADER | |
|---|---|
| fixed length control field | 00398nam a2200133 4500 |
| 020 ## - INTERNATIONAL STANDARD BOOK NUMBER | |
| International Standard Book Number | 0198556608 |
| 082 ## - DEWEY DECIMAL CLASSIFICATION NUMBER | |
| Classification number | CB |
| Item number | 547.59 DAV |
| 100 ## - MAIN ENTRY--PERSONAL NAME | |
| Personal name | Davies, David T. |
| 245 ## - TITLE STATEMENT | |
| Title | Aromatic heterocyclic chemistry |
| Statement of responsibility, etc. | David T. Davies |
| 260 ## - PUBLICATION, DISTRIBUTION, ETC. | |
| Place of publication, distribution, etc. | Oxford |
| Name of publisher, distributor, etc. | Oxford University Press |
| Date of publication, distribution, etc. | 1994 [reprinted 1994] |
| 300 ## - PHYSICAL DESCRIPTION | |
| Extent | [4], 88p.; 24 cm.-- |
| 490 ## - SERIES STATEMENT | |
| Series statement | Oxford chemistry primers |
| 650 ## - SUBJECT ADDED ENTRY--TOPICAL TERM | |
| Topical term or geographic name entry element | Heterocyclic chemistry |
| Withdrawn status | Lost status | Source of classification or shelving scheme | Damaged status | Not for loan | Collection code | Home library | Current library | Date acquired | Total Checkouts | Full call number | Barcode | Date last seen | Price effective from | Koha item type |
|---|---|---|---|---|---|---|---|---|---|---|---|---|---|---|
| Dewey Decimal Classification | North Eastern Hill University | North Eastern Hill University | 24/11/2011 | CB 547.59 DAV | 169631 | 24/11/2011 | 24/11/2011 | Course Books |
